Écrivez l'alphabet - Statistiques

Statistiques générales
  • Ce quiz a été pris 550 fois
  • Le résultat moyen est 25 sur 26
Statistiques - réponses
Lettre % Correct
A
100%
B
99%
C
99%
D
99%
E
99%
F
99%
G
98%
H
98%
I
98%
J
98%
K
98%
L
98%
M
98%
N
97%
O
97%
P
97%
Q
97%
R
97%
S
97%
T
97%
U
97%
V
97%
W
97%
X
97%
Y
97%
Z
97%
Aucun quiz correspondant
Distribution des résultats
% des personnes avec chaque résultat
Percentile par nombre de réponses
Votre historique - résultats
Vous n’avez pas pris ce quiz